Taylor Swift - Paroles Everything Has Changed (feat. Ed Sheeran) - Statistiques

Statistiques générales
  • Ce quiz a été pris 38 fois
  • Le résultat moyen est 372 sur 439
Statistiques - réponses
Hint Réponse % Correct
a
100%
Couplet 1 | Outro | Refrain All
100%
all
100%
I
100%
know
100%
Know
100%
And
95%
and
95%
changed
95%
door
95%
everything
95%
Everything
95%
has
95%
Is
95%
is
95%
the
95%
The
95%
Intro You
95%
you
95%
you,
95%
your
95%
Your
95%
be
90%
eyes
90%
for
90%
"Hello"
90%
like
90%
me
90%
to
90%
when
90%
comin'
85%
now
85%
open
85%
said,
85%
So
85%
yesterday
85%
back
80%
before
80%
better,
80%
better
80%
didn't
80%
feel
80%
home
80%
In
80%
in
80%
just
80%
morning
80%
Since
80%
since
80%
something
80%
up
80%
wanna
80%
woke
80%
You'll
80%
you'll
80%
Refrain 'Cause
75%
go?
75%
I'll
75%
look
75%
mine
75%
my
75%
This
75%
this
75%
yours
75%
But
70%
I've
70%
knew
70%
mind
70%
simple
70%
we
70%
Bridge Come
65%
held
65%
it's
65%
seen
65%
that
65%
there
65%
down,
60%
down
60%
good
60%
makin'
60%
meet
60%
of
60%
smile
60%
take
60%
tell
60%
tonight
60%
ago
55%
beautiful
55%
missed
55%
name
55%
stomach
55%
time
55%
why
55%
blue
50%
butterflies
50%
feelin'
50%
I'm
50%
let
50%
lost
50%
making
50%
not
50%
rain
50%
found
45%
green
45%
hours
45%
kind,
45%
new
45%
pouring
45%
Takin'
45%
18
40%
'em
40%
freckles
40%
walls
40%
days,
35%
dust
35%
face
35%
grace
35%
painted
35%
off
30%
flight,
25%
highest
25%
Stood
25%
tall
25%
hopes
20%
Aucun quiz correspondant
Distribution des résultats
% des personnes avec chaque résultat
Percentile par nombre de réponses
Votre historique - résultats
Vous n’avez pas pris ce quiz